Oral Anatomy, Embryology and Histology (Record no. 1571)

MARC details
000 -LEADER
fixed length control field 00923cam a22003134a 4500
001 - CONTROL NUMBER
control field 12828251
003 - CONTROL NUMBER IDENTIFIER
control field OSt
005 - DATE AND TIME OF LATEST TRANSACTION
control field 20250918130237.0
008 - FIXED-LENGTH DATA ELEMENTS--GENERAL INFORMATION
fixed length control field 020621s2002 stka b 001 0 eng
010 ## - LIBRARY OF CONGRESS CONTROL NUMBER
LC control number 2002026495
020 ## - INTERNATIONAL STANDARD BOOK NUMBER
International Standard Book Number 0723431817 (pbk.)
035 ## - SYSTEM CONTROL NUMBER
System control number (DNLM)101148452
040 ## - CATALOGING SOURCE
Original cataloging agency DNLM/DLC
Transcribing agency DLC
Modifying agency DLC
042 ## - AUTHENTICATION CODE
Authentication code pcc
050 00 - LIBRARY OF CONGRESS CALL NUMBER
Classification number RK280
Item number .B423 2002
060 10 - NATIONAL LIBRARY OF MEDICINE CALL NUMBER
Classification number WU 18.2
Item number B513o 2002
082 00 - DEWEY DECIMAL CLASSIFICATION NUMBER
Classification number WU 101 B4550 2002
Edition number 21
100 1# - MAIN ENTRY--PERSONAL NAME
Personal name Berkovitz, B. K.; Holland, G.R; Moxham, B.J.
9 (RLIN) 344
245 10 - TITLE STATEMENT
Title Oral Anatomy, Embryology and Histology
Statement of responsibility, etc. .
250 ## - EDITION STATEMENT
Edition statement 3rd ed.
260 ## - PUBLICATION, DISTRIBUTION, ETC. (IMPRINT)
Place of publication, distribution, etc. Edinburgh ;
Name of publisher, distributor, etc. Mosby,
Date of publication, distribution, etc. 2002.
300 ## - PHYSICAL DESCRIPTION
Extent xii, 378 p.;
Other physical details col.ill:
Dimensions 28 cm.
504 ## - BIBLIOGRAPHY, ETC. NOTE
Bibliography, etc Includes bibliographical references, & index.
650 #0 - SUBJECT ADDED ENTRY--TOPICAL TERM
Topical term or geographic name as entry element Oral Anatomy
9 (RLIN) 4145
650 #0 - SUBJECT ADDED ENTRY--TOPICAL TERM
Topical term or geographic name as entry element Oral Embryology
9 (RLIN) 4146
650 #0 - SUBJECT ADDED ENTRY--TOPICAL TERM
Topical term or geographic name as entry element Oral Histology
9 (RLIN) 60
906 ## - LOCAL DATA ELEMENT F, LDF (RLIN)
a 7
b cbc
c orignew
d 1
e ocip
f 20
g y-gencatlg
942 ## - ADDED ENTRY ELEMENTS (KOHA)
Source of classification or shelving scheme Other/Generic Classification Scheme
Koha item type Short Loan
Holdings
Withdrawn status Lost status Source of classification or shelving scheme Damaged status Not for loan Home library Current library Date acquired Source of acquisition Inventory number Total Checkouts Full call number Barcode Date last seen Koha item type Public note
    Other/Generic Classification Scheme     MUST Main Library MUST Main Library 24/04/2015 Donation 07/28555   WU 100 B4550 2002 2015-1143 24/04/2015 Short Loan  
    Other/Generic Classification Scheme     MUST Main Library MUST Main Library 24/06/2016 Purchase 10/32213   WU 101 B4550 2002 2016-2674 24/06/2016 Open Shelf LIB. USE ONLY